| 000 | 00689nam a2200241 i 4500 | ||
|---|---|---|---|
| 001 | bg | ||
| 100 | 1 | _aHAUSER, Jacek | |
| 245 | 1 | 0 |
_aElektrotechnika : _bpodstawy elektrotermii i techniki świetlnej / _cJacek Hauser. |
| 260 |
_aPoznaä : _bWydawnictwo Politechniki Poznańskiej, _c2006. |
||
| 300 |
_a593 s. : _brys., ; _cwykr. + _e24 cm. |
||
| 504 | _aBibliogr. | ||
| 650 | 9 | _aElektrotechnika | |
| 650 | 9 | _aElektrotermia | |
| 650 | 9 | _aOświetlenie elektryczne | |
| 655 | _aPodręczniki akademickie | ||
| 020 | _a8371432984 | ||
| 040 | _cBPK | ||
| 041 | 0 | _apol | |
| 080 | _a621.3(075.8) | ||
| 920 | _a83-7143-298-4 | ||
| 942 | _cKS | ||
| 008 | s pl f |000 0 pol | ||
| 999 |
_c51871 _d51871 |
||
| 856 |
_uhttp://koha.tu.koszalin.pl/cgi-bin/koha/opac-detail.pl?biblionumber=51871 _yKatalog online BPK |
||